01431nam a2200277Ia 4500999001500000001000900015003000600024005001700030008004100047020001500088040001300103082001400116090002200130092001400152100001800166245007000184260005600254300002100310505057500331600002700906610003300933630002700966650002800993942001201021952012001033 c1918d191843583041OCoLC20180921182113.0000307s1999 ko 000 0 eng d a8983140380 aOOYcOOY a234bJ79r aBT790b.J651 1999 a234bJ73r1 aJong, Paul C.10aReturn to the gospel of the water and the Spirit /cPaul C. Jong. aSeoul, Korea :bHephzi-bah Publishing House,c1999. a330 p. ;c23 cm.0 a1. The meaning of the original gospel of being born again (John 3:1-6) -- 2. Pseudos and heretics within Christianity (Isaiah 28:13-14) -- 3. The true spiritual circumcision (Exodus 12:43-49) -- 4. How to make a correct confession of sin (I John 1:9) -- 5. The fallacy in the theory of predestination and divine election (Romans 8:28-30) -- 6. The changed priesthood (Hebrews 7:1-28) -- 7. The baptism of Jesus is the indispensable process for redemption (Mathew 3:13-17) -- 8. Let us do the will of the Father with faith (Matthew 7:21-23) -- 9. Testimony of salvation.00aJesus ChristxBaptism.20aNew Life MissionxDoctrines.00aBible.pJohn, III, 16. 0aRegeneration (Theology) 2ddccBK 00102ddc40708NFICaHMCbHMCcGENd2018-09-21g1000.00l0o234 J79rp002313r2018-09-21 00:00:00w2018-09-21yBK